[Event "FICGS class C 000039 email"]
[Site "FICGS email"]
[Date "2007.04.13"]
[Round "1"]
[White "Smith, Dave"]
[Black "Bleak, Collin"]
[Result "1-0"]
[WhiteElo "1700"]
[BlackElo "1700"]
[PlyCount "37"]
[EventDate "2007.??.??"]
[EventType "tourn (corr)"]
[EventRounds "4"]
[SourceTitle "Corr 2022"]
[Source "ChessBase"]
[SourceDate "2021.10.24"]
[SourceVersion "1"]
[SourceVersionDate "2021.10.24"]
[SourceQuality "1"]

1. e4 d6 2. d4 Nf6 3. Nc3 e5 4. Nf3 Nbd7 5. Bd3 c6 6. Bg5 Be7 7. 0-0 0-0 8. a4 b6 9. Bc4 Qc7 10. d5 cxd5 11. Nxd5 Nxd5 12. Bxd5 Bxg5 13. Bxa8 Ba6 14. Re1 Rxa8 15. Nxg5 Nc5 16. b4 Ne6 17. Nxe6 fxe6 18. b5 Bb7 19. a5 1-0

[Event "FICGS rapid B 000047 email"]
[Site "FICGS email"]
[Date "2007.04.09"]
[Round "1"]
[White "Bleak, Collin"]
[Black "Smith, Dave"]
[Result "0-1"]
[WhiteElo "1700"]
[BlackElo "1700"]
[PlyCount "42"]
[EventDate "2007.??.??"]
[EventType "tourn (rapid)"]
[EventRounds "6"]
[SourceTitle "Corr 2022"]
[Source "ChessBase"]
[SourceDate "2021.10.24"]
[SourceVersion "1"]
[SourceVersionDate "2021.10.24"]
[SourceQuality "1"]

1. Nf3 d6 2. g3 b6 3. Bg2 Bb7 4. 0-0 Nf6 5. d3 g6 6. c4 Bg7 7. Bd2 0-0 8. Bc3 c5 9. Na3 Nc6 10. Nc2 d5 11. cxd5 Nxd5 12. Bxg7 Kxg7 13. Ne3 Nxe3 14. fxe3 Qd7 15. Rc1 f6 16. Qa4 Rad8 17. d4 Nxd4 18. Qxd7 Nxf3+ 19. Bxf3 Rxd7 20. Rcd1 Rxd1 21. Rxd1 Bc8 0-1